Länder mit mehr als einer Zeitzone - Statistiken

Allgemein
  • Dieses Quiz wurde 154 mal gespielt
  • Das Durchschnittsergebnis liegt bei 15 aus 21
Antwortstatistiken
= M Ü Land % Korrekt
11 11 0 Russland
100%
4 4 0 Brasilien
97%
11 5 6 Vereinigte Staaten
97%
8 3 5 Australien
96%
6 6 0 Kanada
95%
12 1 11 Frankreich
85%
4 4 0 Mexiko
85%
9 1 8 Vereinigtes Königreich
80%
3 3 0 Indonesien
79%
2 2 0 Kasachstan
79%
2 1 1 Spanien
72%
2 2 0 Mongolei
69%
2 1 1 Südafrika
69%
5 2 3 Neuseeland
65%
2 1 1 Portugal
62%
2 2 0 Demokratische Republik Kongo
58%
4 1 3 Dänemark
55%
2 1 1 Niederlande
52%
3 2 1 Chile
45%
2 1 1 Ecuador
31%
3 3 0 Kiribati
29%
Keine übereinstimmenden Quizze gefunden
Verteilung der Resultate
Anzahl Personen mit jedem Resultat
Perzentil nach korrekt beantworteten Fragen
Ihre Resultats-Entwicklung
Sie haben dieses Quiz noch nicht gespielt